Statistics for Top 10 Countries with the Least Percent of Women

Click here to take the quiz!

General Stats

  • This quiz has been taken 16 times
  • The average score is 7 of 10

Answer Stats

HintAnswer% Correct
33.7%Oman
93%
27.4%Qatar
93%
43.5%Saudi Arabia
93%
26.7%United Arab Emrites
93%
38%Bahrain
79%
43.8%Kuwait
79%
48.2%India
71%
48.4%Afghanistan
57%
46.3%Bhutan
36%
48.4%Malaysia
36%

Score Distribution

Percentile by Number Answered

Percent of People with Each Score

Your Score History

You have not taken this quiz